banner-ar

العلاقات العربية الامريكية حتى الربيع العربى / (Record no. 62166)

MARC details
000 -الفاتح
حقل البيانات ثابتة الطول 01118nam a22002297a 4500
005 - وقت وتاريخ اخر تعامل مع التسجيلة
رقم الضبط 20240530110535.0
008 - عناصر البيانات ثابتة الطول - معلومات عامة
حقل البيانات ثابتة الطول 160329s2012 ua g b 000 0 ara d
017 ## - رقم الايداع القانونى
رقم الايداع القانونى 2012/9301
المصدر ( الهيئة المختصة) مصر . دار الكتب المصرية
020 ## - الرقم الدولى المعيارى للكتب
الرقم الدولى المعيارى للكتاب 9789773011741
040 ## - مصدر الفهرسة
وكالة الفهرسة الأصلية EG-CaGPL
082 04 - رقم تصنيف ديوى العشرى
رقم الطبعة 21
رقم التصنيف 327.56073\
رقم المادة أ ع
100 0# - المدخل الرئيسى - إسم شخصى
الإسم الشخصى اسامة عبدالرحمن
245 12 - بيان العنوان
العنوان العلاقات العربية الامريكية حتى الربيع العربى /
بيان المسئوليه,etc اعداد اسامة عبدالرحمن ؛ مراجعة صابر عمر
260 ## - PUBLICATION, DISTRIBUTION, ETC. (IMPRINT)
تاريخ النشر أو التوزيع 2012 .
300 ## - الوصف المادى
التعداد 239 ص ؛
أبعاد الوعاء 24 سم .
504 ## - تبصرة ببليوجرافية
تبصرة ببليوجرافية,الخ يشتمل على ارجاعات ببليوجرافية
651 04 - المدخل الاضافى بالموضوع - اسم جغرافى
الاسم الجغرافي العالم العربى
التقسيم الفرعي العام العلاقات الخارجية
التقسيم الفرعي الجغرافي الولايات المتحدة الامريكية
651 04 - المدخل الاضافى بالموضوع - اسم جغرافى
الاسم الجغرافي الولايات المتحدة الامريكية
التقسيم الفرعي العام العلاقات الخارجية
التقسيم الفرعي الجغرافي العالم العربى
700 0# - المدخل الاضافى - اسم شخصى
الإسم الشخصى صابر عمر
الدور مراجع
942 ## - عناصر المدخل الإضافي( كوها)
مصدر التصنيف او مخطط الترفيف Dewey Decimal Classification
Koha [default] item type كتاب
260 ## - PUBLICATION, DISTRIBUTION, ETC. (IMPRINT)
-- القاهرة :
-- هبة النيل العربية للنشر و التوزيع ،
Holdings
حالة التراجع حالة الفقد حالة تلف ليس للاعارة المكان المؤقت الموقع الحالى تاريخ الاكتساب اجمالي اﻻعارات رقم الطلب الباركود تاريخ اخر مشاهدة تاريخ تفعيل السعر نوع وعاء كوها
        مكتبة القاهرة الكبرى مكتبة القاهرة الكبرى 03/29/2016   327.56073\ أ ع 161725 03/29/2016 03/29/2016 كتاب

Powered By

EGPV